Deploying and managing IP over WDM network (Record no. 477)
[ view plain ]
| 000 -LEADER | |
|---|---|
| fixed length control field | 00542 a2200193 4500 |
| 001 - CONTROL NUMBER | |
| control field | 066421 |
| 003 - CONTROL NUMBER IDENTIFIER | |
| control field | OSt |
| 005 - DATE AND TIME OF LATEST TRANSACTION | |
| control field | 20210928115412.0 |
| 008 - FIXED-LENGTH DATA ELEMENTS--GENERAL INFORMATION | |
| fixed length control field | |
| 082 ## - DEWEY DECIMAL CLASSIFICATION NUMBER | |
| Classification number | 004.62 |
| Item number | D44D |
| 100 1# - MAIN ENTRY--PERSONAL NAME | |
| Personal name | Deploying and managing IP over WDM network |
| 245 1# - TITLE STATEMENT | |
| Title | Deploying and managing IP over WDM network |
| Statement of responsibility, etc | edited by Joan Serrat and Alex Galis |
| 260 ## - PUBLICATION, DISTRIBUTION, ETC. (IMPRINT) | |
| Place of publication, distribution, etc | Boston |
| Name of publisher, distributor, etc | Artech House |
| Date of publication, distribution, etc | 2003 |
| 300 ## - PHYSICAL DESCRIPTION | |
| Extent | 288p. |
| 690 ## - LOCAL SUBJECT ADDED ENTRY--TOPICAL TERM (OCLC, RLIN) | |
| Topical term or geographic name as entry element | Computer Science |
| 700 ## - ADDED ENTRY--PERSONAL NAME | |
| Personal name | Serrat, Joan, ed. |
| 700 ## - ADDED ENTRY--PERSONAL NAME | |
| Personal name | Galis, Alex, ed. |
| 942 ## - ADDED ENTRY ELEMENTS (KOHA) | |
| Source of classification or shelving scheme | Dewey Decimal Classification |
| Koha item type | Books |
| Withdrawn status | Lost status | Source of classification or shelving scheme | Damaged status | Not for loan | Collection code | Home library | Current library | Date acquired | Source of acquisition | Cost, normal purchase price | Full call number | Barcode | Date last seen | Price effective from | Koha item type |
|---|---|---|---|---|---|---|---|---|---|---|---|---|---|---|---|
| Dewey Decimal Classification | General Text Book | Central University Of Rajasthan | Central University Of Rajasthan | 07/03/2012 | CSC | 4052.00 | 004.62 D44D | 707 | 21/11/2024 | 02/09/2020 | Books |
